Research at the Hampstead Child-Therapy Clinic, (Record no. 743)

MARC details
000 -LEADER
fixed length control field 01091cam a2200325 4500
005 - DATE AND TIME OF LATEST TRANSACTION
control field 20260322212032.0
008 - FIXED-LENGTH DATA ELEMENTS--GENERAL INFORMATION
fixed length control field data
010 ## - LIBRARY OF CONGRESS CONTROL NUMBER
LC control number 79551289 //r852
015 ## - NATIONAL BIBLIOGRAPHY NUMBER
National bibliography number B70-12547
020 ## - INTERNATIONAL STANDARD BOOK NUMBER
International Standard Book Number 0701203331
020 ## - INTERNATIONAL STANDARD BOOK NUMBER
International Standard Book Number 9780701203337
040 ## - CATALOGING SOURCE
Original cataloging agency DLC
Transcribing agency DLC
Modifying agency YUS
-- YUS
043 ## - GEOGRAPHIC AREA CODE
Geographic area code e-uk---
049 ## - LOCAL HOLDINGS (OCLC)
Holding library YU31
050 0# - LIBRARY OF CONGRESS CALL NUMBER
Classification number RJ504.5
Item number .F74
096 ## - LOCALLY ASSIGNED NLM-TYPE CALL NUMBER (OCLC)
Classification number WS 350 F889r 1969
001 - CONTROL NUMBER
control field data
100 1# - MAIN ENTRY--PERSONAL NAME
Personal name Freud, Anna,
Dates associated with a name 1895-
245 10 - TITLE STATEMENT
Title Research at the Hampstead Child-Therapy Clinic,
Remainder of title and other papers, 1956-1965.
Statement of responsibility, etc. Anna Freud & Institute of Psycho-analysis (London, England).
260 ## - PUBLICATION, DISTRIBUTION, ETC.
Place of publication, distribution, etc. London,
Name of publisher, distributor, etc. Hogarth P. [for] the Institute of Psycho-Analysis,
Date of publication, distribution, etc. 1970.
300 ## - PHYSICAL DESCRIPTION
Extent xii, 575 p.
Dimensions 23 cm.
440 #4 - SERIES STATEMENT/ADDED ENTRY--TITLE
Title The International psycho-analytical library
Volume/sequential designation no. 85
504 ## - BIBLIOGRAPHY, ETC. NOTE
Bibliography, etc. note Bibliography: p. 517-541.
590 ## - LOCAL NOTE (RLIN)
Local note Bibliography: p. 517-541.
590 ## - LOCAL NOTE (RLIN)
Local note Includes index.
610 20 - SUBJECT ADDED ENTRY--CORPORATE NAME
Corporate name or jurisdiction name as entry element Hampstead Child-Therapy Clinic.
650 #0 - SUBJECT ADDED ENTRY--TOPICAL TERM
Topical term or geographic name entry element Child psychotherapy
General subdivision Residential treatment
Geographic subdivision London.
-- London.
650 #0 - SUBJECT ADDED ENTRY--TOPICAL TERM
Topical term or geographic name entry element Psychoanalysis.
710 2# - ADDED ENTRY--CORPORATE NAME
Corporate name or jurisdiction name as entry element Institute of Psycho-analysis (London, England)
Holdings
Withdrawn status Lost status Damaged status Not for loan Home library Current library Shelving location Date acquired Total checkouts Full call number Barcode Date last seen Price effective from Koha item type
        Riverside Riverside General stacks 22/03/2026   RJ504.5 .F74 BC0010762 22/03/2026 22/03/2026 Books